[Event "RUS-ch Silent"]
[Site "Zelenograd"]
[Date "2015.06.07"]
[Round "8"]
[White "Tikhonov, Anatoly"]
[Black "Eremin, Anatoly V"]
[Result "0-1"]
[WhiteElo "2007"]
[BlackElo "2208"]
[PlyCount "86"]
[EventDate "2015.06.02"]
[EventType "swiss"]
[EventRounds "11"]
[EventCountry "RUS"]
[SourceTitle "OM OTB B 201907"]
[Source "Opening Master"]
[SourceDate "2019.07.06"]
[SourceVersion "2"]
[SourceVersionDate "2019.07.06"]
[SourceQuality "1"]

1. e4 c5 2. Nf3 Nc6 3. d4 cxd4 4. Nxd4 Nf6 5. Nc3 d6 6. Be2 e5 7. Nb3 Be7 8.
O-O O-O 9. f4 a5 10. Be3 exf4 11. Rxf4 Be6 12. Nd5 Bxd5 13. exd5 Ne5 14. c4
Nfd7 15. Rf2 Bg5 16. Bxg5 Qxg5 17. Qd4 b6 18. Nd2 Nc5 19. b3 f5 20. Raf1 g6 21.
a3 Rfe8 22. b4 axb4 23. axb4 Ra2 24. Nf3 Qf6 25. Qe3 Ncd7 26. Ng5 Rc8 27. Ne4
Qe7 28. Nd2 b5 29. g4 bxc4 30. gxf5 c3 31. Ne4 gxf5 32. Rxf5 c2 33. R5f2 Rb2
34. Qh6 Rxb4 35. Ng3 Rb1 36. Rc1 Rxc1+ 37. Qxc1 Nf6 38. Nf5 Qc7 39. h3 Ne4 40.
Rg2+ Kf8 41. Bf1 Qb6+ 42. Ne3 Rc3 43. Rxc2 Rxc2 0-1

[Event "Sarajevo Bosna op 45th"]
[Site "Sarajevo"]
[Date "2015.05.31"]
[Round "3"]
[White "Strinic, Halid"]
[Black "Stojanovic, Dalibor"]
[Result "0-1"]
[WhiteElo "2103"]
[BlackElo "2498"]
[PlyCount "109"]
[EventDate "2015.05.30"]
[EventType "swiss"]
[EventRounds "9"]
[EventCountry "BIH"]
[SourceTitle "OM OTB B 201907"]
[Source "Opening Master"]
[SourceDate "2019.07.06"]
[SourceVersion "2"]
[SourceVersionDate "2019.07.06"]
[SourceQuality "1"]

1. e4 c5 2. Nf3 Nc6 3. Nc3 d6 4. d4 cxd4 5. Nxd4 Nf6 6. Be2 e5 7. Nb3 Be7 8.
Be3 O-O 9. f3 Be6 10. Nd5 Bxd5 11. exd5 Nb4 12. c4 a5 13. Qd2 b6 14. O-O Na6
15. Nc1 Nd7 16. b3 f5 17. a3 Nac5 18. Rb1 f4 19. Bxc5 bxc5 20. Nd3 Bh4 21. Bd1
Rf6 22. Bc2 Rh6 23. Nc1 Qg5 24. Na2 Qh5 25. Nc3 Bd8 26. h3 Nf6 27. Qd3 g6 28.
Rf2 Qg5 29. Kf1 Nh5 30. Ne4 Ng3+ 31. Ke1 Nxe4 32. fxe4 Qe7 33. Bd1 Qc7 34. Kf1
Bh4 35. Rfb2 g5 36. Bg4 Rf6 37. Ke2 Rb8 38. Qc3 Kh8 39. Qf3 Qg7 40. Bf5 Qe7 41.
Be6 Qa7 42. Kd2 Kg7 43. Bf5 Kh6 44. Kc2 a4 45. b4 cxb4 46. Rxb4 Rxb4 47. Rxb4
Rf7 48. Qe2 Rc7 49. Kb1 Rb7 50. c5 dxc5 51. Rxb7 Qxb7+ 52. Qb2 Qa6 53. Qd2 Qf1+
54. Ka2 Bf2 55. Qc2 0-1

[Event "RB-00280"]
[Site "LSS"]
[Date "2015.05.29"]
[Round "?"]
[White "Hoehne, Volkmar"]
[Black "Luers, Lavas"]
[Result "1/2-1/2"]
[WhiteElo "1886"]
[BlackElo "2000"]
[PlyCount "74"]
[EventDate "2015.04.04"]
[SourceTitle "LSS to Dec2020"]
[Source "LSS ed TH"]
[SourceDate "2021.01.12"]
[SourceVersion "3"]
[SourceVersionDate "2021.01.12"]
[SourceQuality "1"]

1. e4 c5 2. Nf3 d6 3. d4 cxd4 4. Nxd4 Nf6 5. Nc3 Nc6 6. Be2 e5 7. Nf3 h6 8. O-O
Be7 9. Re1 O-O 10. h3 Be6 11. Bf1 Nb8 12. b3 a6 13. a4 Nbd7 14. Bb2 Qa5 15. Nd2
Rac8 16. Nc4 Bxc4 17. Bxc4 Nb6 18. Bf1 Rxc3 19. Qd2 Rfc8 20. Re3 Nxe4 21. Rxe4
Qd5 22. Qxd5 Nxd5 23. Bxc3 Nxc3 24. Rc4 Rxc4 25. bxc4 a5 26. g4 d5 27. cxd5 f6
28. Kg2 Kf8 29. Bc4 Bc5 30. f3 Bd4 31. Ra3 b6 32. Kf1 Ke7 33. Ke1 g5 34. Rxc3
Bxc3+ 35. Ke2 e4 36. fxe4 Kd6 37. Kd3 Be5 1/2-1/2

[Event "Guanabara op 2nd"]
[Site "Guanabara"]
[Date "2015.05.23"]
[Round "5"]
[White "Da Silva, Claudio Oliveira"]
[Black "Noseda, Francesco"]
[Result "1-0"]
[WhiteElo "1808"]
[BlackElo "1949"]
[PlyCount "65"]
[EventDate "2015.05.09"]
[EventType "swiss"]
[EventRounds "6"]
[EventCountry "BRA"]
[SourceTitle "OM OTB B 201907"]
[Source "Opening Master"]
[SourceDate "2019.07.06"]
[SourceVersion "2"]
[SourceVersionDate "2019.07.06"]
[SourceQuality "1"]

1. e4 c5 2. Nf3 d6 3. d4 cxd4 4. Nxd4 Nf6 5. Nc3 Nc6 6. Be2 e5 7. Nf3 Be7 8.
Bg5 O-O 9. Qd2 Be6 10. O-O-O a6 11. Kb1 b5 12. Bxf6 gxf6 13. Nd5 Bxd5 14. Qxd5
Qb6 15. Rhf1 Rac8 16. c3 b4 17. Rd3 bxc3 18. Rxc3 Na5 19. Rfc1 Rxc3 20. Rxc3
Rb8 21. b3 Nb7 22. Nh4 Qxf2 23. Rg3+ Kf8 24. Bc4 Qe1+ 25. Kc2 Qf2+ 26. Kd1 Nd8
27. Nf5 Ne6 28. Nh6 Qg1+ 29. Kc2 Qf2+ 30. Kb1 Qe1+ 31. Kb2 Ke8 32. Qc6+ Kd8 33.
Nxf7# 1-0

[Event "Zalakaros op 34th"]
[Site "Zalakaros"]
[Date "2015.05.22"]
[Round "9"]
[White "Kovchan, Alexander"]
[Black "Sadzikowski, Daniel"]
[Result "1-0"]
[WhiteElo "2585"]
[BlackElo "2494"]
[PlyCount "89"]
[EventDate "2015.05.14"]
[EventType "swiss"]
[EventRounds "9"]
[EventCountry "HUN"]
[SourceTitle "OM OTB B 201907"]
[Source "Opening Master"]
[SourceDate "2019.07.06"]
[SourceVersion "2"]
[SourceVersionDate "2019.07.06"]
[SourceQuality "1"]

1. e4 c5 2. Nf3 d6 3. d4 cxd4 4. Nxd4 Nf6 5. Nc3 Nc6 6. Be2 e5 7. Nf3 h6 8. O-O
Be7 9. Re1 O-O 10. h3 a6 11. Bf1 Qc7 12. b3 Nd4 13. Bb2 Ne6 14. a4 Bd7 15. a5
Nf4 16. Nd2 Be6 17. Nc4 Nd7 18. Ne3 g6 19. Kh2 Nf6 20. g3 N4h5 21. Qf3 Qc6 22.
Red1 Bd8 23. Bc4 Nh7 24. h4 Ng7 25. Kg2 Rc8 26. Ba3 Ne8 27. Ncd5 Qd7 28. Bb2 h5
29. b4 Kh8 30. Bb3 Ng7 31. Ba4 Bh3+ 32. Kh2 Qe6 33. Bb3 Qd7 34. Qe2 f6 35. Nc4
Rxc4 36. Bxc4 g5 37. Ne3 gxh4 38. gxh4 f5 39. Bxe5 f4 40. Rxd6 Qe7 41. Qxh5
fxe3 42. Rg1 Qxd6 43. Rxg7 Qxe5+ 44. Qxe5 Nf6 45. Rg5 1-0

[Event "Nakhchivan op"]
[Site "Nakhchivan"]
[Date "2015.05.09"]
[Round "8"]
[White "Mammadov, Ayaz Arzu"]
[Black "Guliev, Logman"]
[Result "0-1"]
[WhiteElo "2407"]
[BlackElo "2389"]
[PlyCount "118"]
[EventDate "2015.05.02"]
[EventType "swiss"]
[EventRounds "9"]
[EventCountry "AZE"]
[SourceTitle "OM OTB B 201907"]
[Source "Opening Master"]
[SourceDate "2019.07.06"]
[SourceVersion "2"]
[SourceVersionDate "2019.07.06"]
[SourceQuality "1"]

1. e4 c5 2. Nf3 Nc6 3. d4 cxd4 4. Nxd4 Nf6 5. Nc3 d6 6. Be2 e5 7. Nf3 h6 8. O-O
Be7 9. Re1 O-O 10. Bf1 a6 11. a3 Qc7 12. Be3 b5 13. h3 Na5 14. Nh4 Nc4 15. Bxc4
Qxc4 16. Bd2 d5 17. b3 Qc6 18. Nxd5 Nxd5 19. exd5 Qxd5 20. Nf3 e4 21. Bc3 Bb7
22. Qxd5 Bxd5 23. Rad1 Bc6 24. Nd4 Rfc8 25. Nf5 Bf8 26. Bb4 Ra7 27. Bxf8 Kxf8
28. c4 bxc4 29. bxc4 g6 30. Nd6 Rd8 31. c5 Re7 32. Nc4 Rd3 33. Rc1 f5 34. g3
Kg7 35. Re3 Kf6 36. Kf1 Bb5 37. Ke1 Rc7 38. Nb6 Rd4 39. Rec3 Ke5 40. Na8 Rc6
41. f4+ exf3 42. Rxf3 Ke4 43. Rfc3 Rd3 44. Rxd3 Kxd3 45. Nb6 Re6+ 46. Kf2 Kd2
47. Rb1 Re2+ 48. Kg1 Kc2 49. Rxb5 axb5 50. c6 Re7 51. Nd5 Re1+ 52. Kf2 Rc1 53.
Ke3 Kb3 54. c7 Kxa3 55. Kd2 Rc6 56. Kd3 b4 57. Kd4 b3 58. Nc3 b2 59. Nb5+ Kb4
0-1

[Event "Sao Paulo Livraria 4th"]
[Site "Sao Paulo"]
[Date "2015.05.09"]
[Round "5"]
[White "Duje, Rafael"]
[Black "Freitas, Romeu Salvador"]
[Result "1/2-1/2"]
[WhiteElo "2167"]
[BlackElo "2287"]
[PlyCount "41"]
[EventDate "2015.05.05"]
[EventType "tourn"]
[EventRounds "10"]
[EventCountry "BRA"]
[SourceTitle "OM OTB B 201907"]
[Source "Opening Master"]
[SourceDate "2019.07.06"]
[SourceVersion "2"]
[SourceVersionDate "2019.07.06"]
[SourceQuality "1"]

1. e4 c5 2. Nf3 d6 3. d4 cxd4 4. Nxd4 Nf6 5. Nc3 Nc6 6. Be2 e5 7. Ndb5 a6 8.
Na3 b5 9. Nd5 Nxd5 10. exd5 Nb8 11. O-O Be7 12. c4 b4 13. Nc2 a5 14. f4 exf4
15. Bxf4 O-O 16. Bd3 Nd7 17. Ne1 Bf6 18. Be3 Ne5 19. Bc2 g6 20. Bh6 Bg4 21. Qc1
1/2-1/2

[Event "Coimbra Queima das Fitas op"]
[Site "Coimbra"]
[Date "2015.05.03"]
[Round "7"]
[White "Negrao, Alberto Rodolfo AS"]
[Black "Paiva, Henrique MA Alberg"]
[Result "1-0"]
[WhiteElo "1933"]
[BlackElo "1788"]
[PlyCount "75"]
[EventDate "2015.04.30"]
[EventType "swiss"]
[EventRounds "7"]
[EventCountry "POR"]
[SourceTitle "OM OTB B 201907"]
[Source "Opening Master"]
[SourceDate "2019.07.06"]
[SourceVersion "2"]
[SourceVersionDate "2019.07.06"]
[SourceQuality "1"]

1. e4 c5 2. Nf3 d6 3. d4 cxd4 4. Nxd4 Nf6 5. Nc3 Nc6 6. Be2 e5 7. Nb3 Be6 8.
Bg5 Be7 9. Qd2 a6 10. Rd1 Bxb3 11. axb3 Nd4 12. Be3 Nxe2 13. Qxe2 O-O 14. O-O
Rc8 15. f3 Qc7 16. Rd2 b5 17. Ra1 Qc6 18. Bg5 Rfe8 19. Kh1 h6 20. Bxf6 Bxf6 21.
Qd3 Bg5 22. Re2 Re6 23. Nd5 Ra8 24. Ree1 Ree8 25. c3 Qc5 26. Red1 Re6 27. Ra2
Rg6 28. Qe2 Bd8 29. Rda1 Qc8 30. Nb4 Qe6 31. Rxa6 Rxa6 32. Rxa6 Qf6 33. Qxb5
Qg5 34. Qf1 Qd2 35. Ra8 Rxg2 36. Rxd8+ Kh7 37. Qxg2 Qe1+ 38. Qg1 1-0

[Event "Loo 2015, g17-v"]
[Site "Loo"]
[Date "2015.04.29"]
[Round "9.21"]
[White "Kiseleva, Ekaterina"]
[Black "Shakirova, Renata"]
[Result "1/2-1/2"]
[WhiteElo "1773"]
[BlackElo "1995"]
[PlyCount "56"]
[EventDate "2015.04.21"]
[EventType "swiss"]
[EventRounds "9"]
[EventCountry "RUS"]
[SourceTitle "OM OTB B 201907"]
[Source "Opening Master"]
[SourceDate "2019.07.06"]
[SourceVersion "2"]
[SourceVersionDate "2019.07.06"]
[SourceQuality "1"]

1. e4 c5 2. Nf3 d6 3. d4 cxd4 4. Nxd4 Nf6 5. Nc3 Nc6 6. Be2 e5 7. Nb3 Be7 8.
Be3 O-O 9. O-O a5 10. Nd2 d5 11. exd5 Nxd5 12. Nxd5 Qxd5 13. Nc4 Qxd1 14. Raxd1
Be6 15. c3 Rad8 16. Bb6 Rxd1 17. Rxd1 Rc8 18. b3 Ra8 19. Nd6 a4 20. c4 axb3 21.
axb3 Nd4 22. Bxd4 Bxd6 23. Bc3 Bc7 24. Bf3 Rb8 25. Bd5 Rd8 26. Bf3 Rb8 27. Bd5
Rd8 28. Bf3 Rb8 1/2-1/2

[Event "HUN-chT2 Charousek 1415"]
[Site "Hungary"]
[Date "2015.04.26"]
[Round "9"]
[White "Suket, Mate"]
[Black "Nagy, Kristof"]
[Result "0-1"]
[WhiteElo "1845"]
[BlackElo "2091"]
[PlyCount "72"]
[EventDate "2014.10.12"]
[EventType "team-tourn"]
[EventRounds "9"]
[EventCountry "HUN"]
[SourceTitle "OM OTB B 201907"]
[Source "Opening Master"]
[SourceDate "2019.07.06"]
[SourceVersion "2"]
[SourceVersionDate "2019.07.06"]
[SourceQuality "1"]

1. e4 c5 2. Nf3 d6 3. d4 cxd4 4. Nxd4 Nf6 5. Nc3 Nc6 6. Be2 e5 7. Nf3 h6 8. b3
Be6 9. Bb2 Be7 10. Qd2 a6 11. a4 Rc8 12. Rc1 O-O 13. O-O Nb8 14. Bd3 Nbd7 15.
h3 Qc7 16. Rfe1 Qc6 17. Qe3 Bd8 18. Na2 Ba5 19. Red1 Nc5 20. Ba3 Ncxe4 21. Bxe4
Nxe4 22. Nb4 Bxb4 23. Bxb4 Rfd8 24. c4 f6 25. Rd3 b5 26. axb5 axb5 27. c5 d5
28. Nd2 Nd6 29. f4 Nf5 30. Qf2 e4 31. Rg3 Nxg3 32. Qxg3 d4 33. Re1 e3 34. Nf3
Qe4 35. Nh4 d3 36. Ba5 e2 0-1

[Event "Loo 2015, b17-1"]
[Site "Loo"]
[Date "2015.04.25"]
[Round "5.26"]
[White "Kazan, Maksim"]
[Black "Mutav, Vladimir"]
[Result "0-1"]
[WhiteElo "1701"]
[BlackElo "1838"]
[PlyCount "64"]
[EventDate "2015.04.21"]
[EventType "swiss"]
[EventRounds "9"]
[EventCountry "RUS"]
[SourceTitle "OM OTB B 201907"]
[Source "Opening Master"]
[SourceDate "2019.07.06"]
[SourceVersion "2"]
[SourceVersionDate "2019.07.06"]
[SourceQuality "1"]

1. e4 c5 2. Nf3 Nc6 3. d4 cxd4 4. Nxd4 Nf6 5. Nc3 d6 6. Be2 e5 7. Nb3 Be7 8.
O-O O-O 9. Bg5 Be6 10. Bxf6 Bxf6 11. Nd5 Bxd5 12. Qxd5 Qc7 13. Qd2 Be7 14. f4
a5 15. f5 Qb6+ 16. Kh1 a4 17. Nc1 Qxb2 18. Nd3 Qd4 19. Bf3 Na5 20. Qe2 Rfd8 21.
Rad1 Qc4 22. Bh5 f6 23. Qe1 Nc6 24. Rb1 Ra7 25. Rf3 Qxa2 26. Rb2 Qc4 27. Rh3 a3
28. Rb1 a2 29. Ra1 Nd4 30. Bg6 h6 31. Nb4 Nxc2 32. Qd2 Nxa1 0-1

[Event "Loo 2015, b17-v"]
[Site "Loo"]
[Date "2015.04.25"]
[Round "5.9"]
[White "Klimashkin, Stanislav"]
[Black "Ginosyan, Razmik"]
[Result "0-1"]
[WhiteElo "2032"]
[BlackElo "2167"]
[PlyCount "46"]
[EventDate "2015.04.21"]
[EventType "swiss"]
[EventRounds "9"]
[EventCountry "RUS"]
[SourceTitle "OM OTB B 201907"]
[Source "Opening Master"]
[SourceDate "2019.07.06"]
[SourceVersion "2"]
[SourceVersionDate "2019.07.06"]
[SourceQuality "1"]

1. e4 c5 2. Nf3 Nc6 3. d4 cxd4 4. Nxd4 Nf6 5. Nc3 d6 6. Be2 e5 7. Nb3 Be7 8.
Bg5 O-O 9. Qd2 a5 10. Rd1 a4 11. Nc1 a3 12. b3 Qa5 13. O-O Nd4 14. Qd3 Be6 15.
Nb5 Nxb5 16. Qxb5 Qc7 17. Bxf6 Bxf6 18. Qd3 b5 19. Qxb5 Qxc2 20. Rxd6 Bg5 21.
Rc6 Qb2 22. Qd3 Rfd8 23. Qc3 Bxc1 0-1

[Event "Loo 2015, b15-v"]
[Site "Loo"]
[Date "2015.04.25"]
[Round "5.7"]
[White "Batalov, Aleksandr"]
[Black "Lobanov, Sergei"]
[Result "0-1"]
[WhiteElo "2051"]
[BlackElo "2333"]
[PlyCount "60"]
[EventDate "2015.04.21"]
[EventType "swiss"]
[EventRounds "9"]
[EventCountry "RUS"]
[SourceTitle "OM OTB B 201907"]
[Source "Opening Master"]
[SourceDate "2019.07.06"]
[SourceVersion "2"]
[SourceVersionDate "2019.07.06"]
[SourceQuality "1"]

1. e4 c5 2. Nf3 d6 3. d4 cxd4 4. Nxd4 Nf6 5. Nc3 Nc6 6. Be2 e5 7. Nb3 Be7 8.
Be3 O-O 9. Qd2 a5 10. a4 Be6 11. O-O Nb4 12. Rad1 Rc8 13. f3 d5 14. exd5 Nfxd5
15. Nxd5 Nxd5 16. Kh1 Qc7 17. Bd3 Nb4 18. Rc1 b6 19. Rfd1 Rfd8 20. Qe2 Bf8 21.
h3 Nxd3 22. cxd3 Qd6 23. Rxc8 Rxc8 24. Nc1 Qb4 25. d4 exd4 26. Rxd4 Rxc1+ 27.
Kh2 Qe1 28. Qd3 Bf5 29. Qb3 Rc2 30. Rd8 Qe2 0-1

[Event "FICS rated standard game"]
[Site "FICS freechess.org"]
[Date "2015.04.24"]
[Round "?"]
[White "villotaurinoff"]
[Black "parrot"]
[Result "0-1"]
[WhiteElo "2086"]
[BlackElo "2374"]
[PlyCount "48"]
[EventDate "2015.??.??"]

1. e4 c5 2. Nf3 Nc6 3. d4 cxd4 4. Nxd4 Nf6 5. Nc3 d6 6. Be2 e5 7. Nf3 Be7 8.
O-O Be6 9. Ng5 Bd7 10. Be3 O-O 11. Qd2 Ng4 12. Nf3 Nxe3 13. fxe3 Rc8 14. Nd5
Bh4 15. a4 Bg5 16. Ra3 Bh6 17. Rb3 Na5 18. Rc3 Rxc3 19. Qxc3 Nc6 20. Bb5 a6 21.
Bc4 Ne7 22. Qb3 Nxd5 23. Bxd5 Qc7 24. Nh4 g6 0-1

[Event "UZB-ch qual"]
[Site "Tashkent"]
[Date "2015.04.23"]
[Round "2"]
[White "Karimov, Ibragim"]
[Black "Abdisalimov, Abdimalik"]
[Result "1-0"]
[WhiteElo "2253"]
[BlackElo "2125"]
[PlyCount "55"]
[EventDate "2015.04.21"]
[EventType "tourn"]
[EventRounds "9"]
[EventCountry "UZB"]
[SourceTitle "OM OTB B 201907"]
[Source "Opening Master"]
[SourceDate "2019.07.06"]
[SourceVersion "2"]
[SourceVersionDate "2019.07.06"]
[SourceQuality "1"]

1. e4 c5 2. Nc3 Nc6 3. Nf3 d6 4. d4 cxd4 5. Nxd4 Nf6 6. Be2 e5 7. Nb3 Be7 8.
O-O O-O 9. f4 exf4 10. Bxf4 Ne5 11. Kh1 Be6 12. Nd4 Qd7 13. Qe1 a6 14. Rd1 Qc7
15. Qg3 b5 16. a3 Rfe8 17. Bg5 Kh8 18. Nf5 Bxf5 19. Rxf5 Ned7 20. Rdf1 Rf8 21.
Bd3 Qd8 22. Qh3 g6 23. e5 dxe5 24. Nd5 Nxd5 25. Rxf7 Rxf7 26. Rxf7 Nf8 27. Bxg6
Kg8 28. Rxf8+ 1-0

[Event "FICS rated standard game"]
[Site "FICS freechess.org"]
[Date "2015.04.22"]
[Round "?"]
[White "GnuCheese"]
[Black "doctorweb"]
[Result "1-0"]
[WhiteElo "2497"]
[BlackElo "2380"]
[PlyCount "111"]
[EventDate "2015.??.??"]

1. e4 c5 2. Nf3 d6 3. d4 cxd4 4. Nxd4 Nf6 5. Nc3 Nc6 6. Be2 e5 7. Nf3 h6 8. O-O
Be7 9. Re1 O-O 10. h3 Be6 11. Bf1 Qa5 12. a3 Rac8 13. Qd3 Rfe8 14. Bd2 Qc7 15.
Nb5 Qb8 16. Nc3 Rcd8 17. Nd5 Bxd5 18. exd5 e4 19. Qb3 exf3 20. dxc6 bxc6 21.
Qxf3 Qxb2 22. Ba5 Ra8 23. Qxc6 Rec8 24. Qf3 d5 25. c4 Bc5 26. Bc3 Bxf2+ 27. Kh1
Qb6 28. Rab1 Bxe1 29. Rxb6 Bxc3 30. Rb5 Be5 31. g4 a6 32. Ra5 Rab8 33. Qf5 Re8
34. cxd5 Rb2 35. Rc5 Rh2+ 36. Kg1 Rxh3 37. Rc8 Rg3+ 38. Kh1 Bd6 39. Rxe8+ Nxe8
40. a4 Kf8 41. Qd7 a5 42. Bb5 Re3 43. Kg2 f6 44. Qd8 Bc7 45. Qc8 Bd6 46. Qa6
Bc7 47. Bd7 Re1 48. Qb5 Bd6 49. Qxa5 Rb1 50. Qa6 Rb2+ 51. Kf3 Rb3+ 52. Ke4 Rb8
53. Kf5 Rd8 54. Qc6 h5 55. Bxe8 Kg8 56. Bxh5 1-0

[Event "Taca Tiradentes de Xadrez Classico"]
[Site "?"]
[Date "2015.04.19"]
[Round "?"]
[White "Azevedo Junior, Jose Ferreira"]
[Black "Barros, Davi Matheus Costa"]
[Result "1-0"]
[WhiteElo "2148"]
[BlackElo "1833"]
[PlyCount "47"]
[EventDate "2015.??.??"]
[SourceTitle "OM OTB B 201907"]
[Source "Opening Master"]
[SourceDate "2019.07.06"]
[SourceVersion "2"]
[SourceVersionDate "2019.07.06"]
[SourceQuality "1"]

1. e4 c5 2. Nf3 d6 3. d4 cxd4 4. Nxd4 Nf6 5. Nc3 Nc6 6. Be2 e5 7. Nb3 Be7 8.
O-O O-O 9. Be3 Be6 10. Qd2 Rc8 11. Rad1 a6 12. h3 b5 13. a3 Qd7 14. Kh2 Ne8 15.
a4 b4 16. Nd5 Bxd5 17. exd5 Nb8 18. f4 Qc7 19. Bd3 a5 20. Qf2 Nf6 21. Bb6 Qb7
22. Nxa5 Qa8 23. fxe5 dxe5 24. Bf5 1-0

[Event "Pereira Forero Cup 2nd"]
[Site "Pereira"]
[Date "2015.04.18"]
[Round "2"]
[White "Arias, Oscar Eduardo"]
[Black "Vargas, Eduar Misael"]
[Result "0-1"]
[WhiteElo "1627"]
[BlackElo "1945"]
[PlyCount "37"]
[EventDate "2015.04.17"]
[EventType "swiss"]
[EventRounds "5"]
[EventCountry "COL"]
[SourceTitle "OM OTB B 201907"]
[Source "Opening Master"]
[SourceDate "2019.07.06"]
[SourceVersion "2"]
[SourceVersionDate "2019.07.06"]
[SourceQuality "1"]

1. e4 c5 2. Nf3 d6 3. d4 cxd4 4. Nxd4 Nf6 5. Nc3 Nc6 6. Be2 e5 7. Nb3 Be7 8.
O-O O-O 9. f3 Be6 10. Be3 d5 11. exd5 Nxd5 12. Nxd5 Bxd5 13. Nc5 b6 14. Na4 Bf6
15. Nc3 Nd4 16. Bd3 Be6 17. Qd2 Rc8 18. Rad1 Be7 19. Kh1 0-1

[Event "Hofheim op-A 3rd"]
[Site "Hofheim"]
[Date "2015.04.08"]
[Round "3"]
[White "Zude, Arno"]
[Black "Armbrust, Florian"]
[Result "1/2-1/2"]
[WhiteElo "2389"]
[BlackElo "2295"]
[PlyCount "114"]
[EventDate "2015.04.07"]
[EventType "swiss"]
[EventRounds "9"]
[EventCountry "GER"]
[SourceTitle "OM OTB B 201907"]
[Source "Opening Master"]
[SourceDate "2019.07.06"]
[SourceVersion "2"]
[SourceVersionDate "2019.07.06"]
[SourceQuality "1"]

1. e4 c5 2. Nf3 d6 3. d4 cxd4 4. Nxd4 Nf6 5. Nc3 Nc6 6. Be2 e5 7. Nf3 h6 8. O-O
Be7 9. h3 O-O 10. Re1 Be6 11. Bf1 Nb8 12. b3 a6 13. Bb2 Nbd7 14. a4 Qc7 15. Nd2
Nc5 16. Nc4 Qc6 17. Qf3 b5 18. Na5 Qb6 19. b4 Nxa4 20. Nxa4 bxa4 21. c3 d5 22.
exd5 Bxd5 23. Qe3 Qxe3 24. Rxe3 Nd7 25. Rxa4 Nb6 26. Ra1 f6 27. c4 Bf7 28. Nc6
Rfe8 29. c5 Nc4 30. Nxe7+ Rxe7 31. Re2 Rb8 32. Bc3 a5 33. Re4 axb4 34. Be1 Na3
35. Rxb4 Rxb4 36. Bxb4 Nc2 37. Ra8+ Kh7 38. Ba5 Nd4 39. Ra6 Bd5 40. Rd6 Bc6 41.
Bd3+ Kg8 42. f4 Rd7 43. fxe5 fxe5 44. Rxd7 Bxd7 45. Bc7 Nc6 46. Bg6 Ne7 47. Bh5
e4 48. Kf2 Bc6 49. g3 g6 50. Bd1 Kf7 51. Bb8 Ke6 52. g4 g5 53. Be2 Kd5 54. Bd6
Ng6 55. Ke3 Nf4 56. Bd1 Ng2+ 57. Kf2 Nf4 1/2-1/2

[Event "Mexican op 61st"]
[Site "Monterrey"]
[Date "2015.04.05"]
[Round "9"]
[White "Miranda Mesa, Elier"]
[Black "Hernandez Guerrero, Gilberto"]
[Result "1/2-1/2"]
[WhiteElo "2436"]
[BlackElo "2517"]
[PlyCount "55"]
[EventDate "2015.03.31"]
[EventType "swiss"]
[EventRounds "9"]
[EventCountry "MEX"]
[SourceTitle "OM OTB B 201907"]
[Source "Opening Master"]
[SourceDate "2019.07.06"]
[SourceVersion "2"]
[SourceVersionDate "2019.07.06"]
[SourceQuality "1"]

1. e4 c5 2. Nf3 Nc6 3. d4 cxd4 4. Nxd4 Nf6 5. Nc3 d6 6. Be2 e5 7. Nf3 h6 8. O-O
Be7 9. h3 O-O 10. Nh2 Be6 11. Ng4 Nd4 12. Nxf6+ Bxf6 13. Bg4 Bg5 14. Ne2 Bxg4
15. hxg4 Ne6 16. Nc3 Rc8 17. Nd5 Rc6 18. c3 g6 19. Qf3 Kg7 20. Be3 a6 21. Rad1
Bxe3 22. Qxe3 Qg5 23. Qxg5 hxg5 24. Rd2 a5 25. Rfd1 b5 26. f3 Rb8 27. a3 Nc5
28. Ne7 1/2-1/2

[Event "RA-00384"]
[Site "LSS"]
[Date "2015.04.05"]
[Round "?"]
[White "Usmanoff, Rustam Pulatovich"]
[Black "Willmann, Bernd"]
[Result "1/2-1/2"]
[WhiteElo "2308"]
[BlackElo "2272"]
[PlyCount "96"]
[EventDate "2015.03.04"]
[SourceTitle "LSS to Dec2020"]
[Source "LSS ed TH"]
[SourceDate "2021.01.12"]
[SourceVersion "3"]
[SourceVersionDate "2021.01.12"]
[SourceQuality "1"]

1. e4 c5 2. Nf3 d6 3. d4 cxd4 4. Nxd4 Nf6 5. Nc3 Nc6 6. Be2 e5 7. Nb3 Be7 8.
O-O O-O 9. Be3 Be6 10. Bf3 Na5 11. Nxa5 Qxa5 12. Qd2 b6 13. Rfd1 Rfc8 14. a4
Qb4 15. Qc1 Rc7 16. Nb5 Rd7 17. Nc3 Rc7 18. Be2 Rd8 19. a5 bxa5 20. Ra4 Qb7 21.
Rxa5 Nxe4 22. Nd5 Bxd5 23. Rxa7 Qb8 24. Rxc7 Qxc7 25. Rxd5 h6 26. c4 Rb8 27.
Bf3 Ng5 28. Bd1 Ne4 29. Qc2 Nf6 30. Rb5 Ra8 31. h3 Qc6 32. Qb3 Nd7 33. Be2 Bd8
34. Rb7 Ra5 35. Bg4 Nc5 36. Bxc5 dxc5 37. Qf3 Ra1+ 38. Kh2 Qf6 39. Rb8 Kh7 40.
Rc8 Re1 41. Qxf6 Bxf6 42. Rxc5 e4 43. b4 Bd4 44. Rf5 Kg8 45. Kg3 Rc1 46. c5 Rc4
47. Rd5 Rxb4 48. Rd8+ Kh7 1/2-1/2

[Event "FICS rated standard game"]
[Site "FICS freechess.org"]
[Date "2015.04.02"]
[Round "?"]
[White "Rookie"]
[Black "zerowin"]
[Result "0-1"]
[WhiteElo "2404"]
[BlackElo "2626"]
[PlyCount "146"]
[EventDate "2015.??.??"]

1. e4 c5 2. Nf3 d6 3. d4 cxd4 4. Nxd4 Nf6 5. Nc3 Nc6 6. Be2 e5 7. Nxc6 bxc6 8.
Qd3 Be7 9. O-O O-O 10. Qg3 Rb8 11. b3 Be6 12. a3 Kh8 13. Be3 Qc7 14. f4 exf4
15. Bxf4 Nd7 16. Na4 f6 17. Bg4 Bf7 18. Bf5 Ne5 19. Qh3 Bg8 20. Rad1 Rfd8 21.
Be3 Re8 22. Bd4 Qa5 23. Nb2 Qxa3 24. Nd3 Nxd3 25. Qxd3 c5 26. Ra1 Qb4 27. Ra4
Qb7 28. Bc3 Qc7 29. Qh3 Bd8 30. Bg6 Re7 31. Rf4 Re5 32. Bxe5 dxe5 33. Rh4 h6
34. Ra6 Rb6 35. Rxb6 axb6 36. Qe3 f5 37. Rh3 f4 38. Qd2 c4 39. b4 b5 40. Kh1
Qa7 41. Qc3 Qb8 42. Bf5 Bb6 43. Qa1 Qd6 44. Ra3 Bh7 45. Ra8+ Bd8 46. h3 Bxf5
47. exf5 Kh7 48. Qe1 Qd4 49. Kh2 f3 50. gxf3 Bh4 51. Qf1 Qf4+ 52. Kh1 e4 53.
Qg2 Bg5 54. fxe4 Qc1+ 55. Qg1 Qxc2 56. Qg4 Qb1+ 57. Kg2 Qxb4 58. Qe2 Qc3 59.
Ra2 Qd4 60. Rb2 c3 61. Rxb5 Qe3 62. Qxe3 Bxe3 63. Rb8 c2 64. Rc8 c1=Q 65. Rxc1
Bxc1 66. e5 Bb2 67. Kg3 Bxe5+ 68. Kh4 Kg8 69. Kg4 Kf7 70. h4 Kf6 71. Kh5 Bg3
72. Kg4 Bxh4 73. Kxh4 Kxf5 0-1